000 00646nam a2200277Ia 4500
005 20260324150121.0
008 008 260324s9999 xx 000 0 eng d
020 _a9781315149189
037 _aEBOOK
040 _aCRL
040 _beng
040 _cCRL
041 _2eng
041 _aeng
084 _qCRL
100 _aRichard Briston
_91225313
245 4 _aThe Stock Exchange and Investment Analysis
260 _bTaylor and Francis
260 _c1973
365 _a
365 _b290
856 _uhttp://www.taylorfrancis.com/books/9781315149189
942 _cEBOOK
999 _c1834231
_d1834231